00732nam a2200241 a 4500001001300000003000900013005001700022008004100039020002300080082001900103100002200122245004800144260003000192300000900222500003500231505001700266650002400283650003300307902000800340942000700348952012000355999001500475nice12345678IN_TiNIC20260116012318.0050524s1989 dela grp 000 0 eng  a8185054 c15000a320.56954bVAJ aVajpey, Dhirendra aReligious and Ethnic Minority in South Asia aDelhibManohar Pub.c1989 a203p aincludes index and biblioraphy2 aBibliography aPolitics-South Asia aSouth Asia-Politics & Racism bSRS cBK 001040708StackRoom-aHMIbHMId2007-05-08g150.00l0o320.56954 VAJp014189r2007-05-08v150.00w2005-05-24yBK c6506d6506